Artificial Intelligence : A History of the Present (Record no. 249505)

MARC details
000 -LEADER
fixed length control field 00497nam a22001697a 4500
008 - FIXED-LENGTH DATA ELEMENTS--GENERAL INFORMATION
fixed length control field 260330b |||||||| |||| 00| 0 eng d
020 ## - INTERNATIONAL STANDARD BOOK NUMBER
International Standard Book Number 978-93-87791-88-6
082 ## - DEWEY DECIMAL CLASSIFICATION NUMBER
Classification number 006.31
100 ## - MAIN ENTRY--PERSONAL NAME
Personal name Suresh Nambath [Ed.]
245 ## - TITLE STATEMENT
Title Artificial Intelligence : A History of the Present
Statement of responsibility, etc Suresh Nambath[Ed.]
250 ## - EDITION STATEMENT
Edition statement 1st
260 ## - PUBLICATION, DISTRIBUTION, ETC. (IMPRINT)
Place of publication, distribution, etc Chennai
Name of publisher, distributor, etc THG Publishing Private Ltd.
Date of publication, distribution, etc 2025
650 ## - SUBJECT ADDED ENTRY--TOPICAL TERM
Form subdivision Computer Science
General subdivision Artificial Intelligence
942 ## - ADDED ENTRY ELEMENTS (KOHA)
Item type Books
Holdings
Withdrawn status Lost status Damaged status Permanent location Current location Shelving location Date acquired Source of acquisition Cost, normal purchase price Full call number Barcode Date last seen Koha item type
      CENTRAL LIBRARY, NOORUL ISLAM CENTRE FOR HIGHER EDUCATION CENTRAL LIBRARY, NOORUL ISLAM CENTRE FOR HIGHER EDUCATION General stacks 03/30/2026 THG Publishing Private Ltd. Madurai 199.00 006.31 R5 85252 03/30/2026 Books
Visitors:
Copyright © 2024 Central Library NICHE.  All rights reserved.